| 000 | 00831nam a2200277 c 4500 | ||
|---|---|---|---|
| 001 | a5293763 | ||
| 003 | CO-ViMGA | ||
| 005 | 20230915232211.0 | ||
| 008 | 121210s2012 sp | |||| 000 1 spa | ||
| 020 | _a9788498384840 | ||
| 040 |
_aCO-ViMGA _bspa _cCO-ViMGA |
||
| 041 | 1 | _heng | |
| 082 | 0 | 4 |
_a823.92 _bH86b |
| 100 | 1 |
_aHunter, Erin _92307 |
|
| 240 | 1 | 0 |
_aForest of secrets _lEspañol |
| 245 | 1 | 3 |
_aEl bosque de los secretos _cErin Hunter ; [traducción del inglés de Begoña Hernández Sala] |
| 250 | _a1a. ed. | ||
| 260 |
_aBarcelona _bSalamandra _c2012 |
||
| 300 |
_a285 p. _c22 cm |
||
| 490 | 0 |
_aLos gatos guerreros _v3 |
|
| 490 | 0 | _aNarrativa joven | |
| 650 | 1 | 4 |
_aLiteratura inglesa-- _ySiglo XXI _92309 |
| 650 | 1 | 4 |
_aNovela inglesa-- _ySiglo XXI _92308 |
| 700 | 1 |
_aHernández Sala, Begoña _92310 |
|
| 942 |
_2ddc _cBK |
||
| 999 |
_c33766 _d33766 |
||